01796nam a22002297a 4500008004100000020001400041050002400055100003500079240004500114245021700159260003300376300001800409490003900427500005100466500018100517504003400698505070400732650003201436650003501468650002701503700003601530170724s2002 sp ||||| |||| 00| 0 spa d a844931327 aHF5549.5E5 bH6518  aHoffman Edwardd1951 - eautor10aPsychological testing at worklEspañol aTests psicológicos b: aprende a utilizar, interpretar y sacar el mejor partido de los tests de personalidad, las aptitudes y los estilos de aprendizaje c/ Edward Hoffman ; traducción de Roc Filella Escolà aEspañab: Paidósc, 2002 a244 páginas aPaidós Saberes cotidianos v; 36 aTraducción de: Psychological testing at work aIncluye Agradecimientos (pp.11-12), Prefacio (pp.13-15), Glosario (pp.211-215-), Índice de tests psicológicos (pp.233-235), índice análitico y de nombres (pp.237 - 244) aBibliografía (pp. 217-231)  aLa actual eclosión de las pruebas psicológicas ¿Qué es la personalidad? Breve historia de los test profesionales Cómo se diseñan los tests Los biodatos: ¿contrataría usted a un entusiasta piloto de ala delta? ¿Cuál es su tipo? El indicador de tipos Myers-Briggs Emulando a Diógenes: En busca de la integridad Medición de la inteligencia emocional y el estrés ¿Utilizamos nuestro estilo de resolución de problemas La autorrealización: La culminación de la personalidad La espiritualidad: La nueva frontera El camino del liderazgo Adaptarse al cambio: empresarios y expratiados El proceso de la globalización: La evaluación en la Gran China  0aPRUEBAS DE EMPLEOxMANUALES 0aPRUEBAS DE APTITUD OCUPACIONAL 0aPRUEBAS PSICOLÓGICAS aRoc Filella Escolàetraductor